Black odyssey : the story of the Negro in America.

Bibliographic Details
Main Author: Ottley, Roi, 1906-1960
Format: Book
Language:English
Published: New York : C. Scribner's Sons, 1948.
Subjects:

MARC

Tag First Indicator Second Indicator Subfields
LEADER 00000cam a2200000 4500
001 in00000064539
005 20151007083311.0
008 740919s1948 nyu b 00000 eng
010 |a  48009099  
035 |a (OCoLC)01014812 
035 |9 AAF9162AM 
040 |a DLC  |c RRR  |d TXA  |d UtOrBLW 
049 |a TXAM  |c [163041] 
050 0 0 |a E185  |b .O85 
082 0 |a 325.260973 
092 |a 325.26  |b O91b 
100 1 |a Ottley, Roi,  |d 1906-1960. 
245 1 0 |a Black odyssey :  |b the story of the Negro in America. 
264 1 |a New York :  |b C. Scribner's Sons,  |c 1948. 
300 |a viii, 340 pages ;  |c 22 cm. 
336 |a text  |b txt  |2 rdacontent 
337 |a unmediated  |b n  |2 rdamedia 
338 |a volume  |b nc  |2 rdacarrier 
504 |a Bibliography: pages 315-322. 
650 0 |a African Americans  |x History. 
999 |a MARS 
999 f f |s 45755a5b-8a00-3c00-a7c5-2a4a755bda0c  |i 677f839a-a251-300a-8db9-f0e062984884  |t 0 
952 f f |p normal  |a Texas A&M University  |b College Station  |c Sterling C. Evans Library  |d Evans: Library Stacks  |t 0  |e E185 .O85  |h Library of Congress classification  |i unmediated -- volume  |m A14800670399 
998 f f |a E185 .O85  |t 0  |l Evans: Library Stacks